| 000 | 01267nab a2200205 i 4500 | ||
|---|---|---|---|
| 001 | 768714001 | ||
| 003 | CO-MdFUSB | ||
| 005 | 20260316102516.0 | ||
| 008 | 230427b ||||| |||| 00| 0 eng d | ||
| 040 |
_beng _aCO-MdFUSB _cCO-MdFUSB _dCO-MdFUSB |
||
| 041 | _aeng | ||
| 100 |
_aRobinson, Haddon W. _eautor |
||
| 245 |
_aThe heresy of application : _bIt's when we're applying scripture that error is most likely to creep in _c/ Haddon W. Robinson |
||
| 300 |
_aVolumen 18, número 4 (Fall 1997), páginas 20 - 27 ; _c27 cm. |
||
| 520 | _aEsta es una entrevista que busca desmenuzar una respuesta que alguna vez el presidente del Denver Conservative Baptist Seminary y distinguido profesor de la predicación, Haddon Robinson proporcionó: “Más herejía es predicada en la aplicación que en la exégesis bíblica”. Los seminaristas salen del seminario preparados en exegesis bíblica para darse cuenta que la pregunta principal del predicador es la aplicación: ¿cómo se toma un texto y se determina que significa para una audiencia? | ||
| 650 | 7 |
_97333 _aHermenéutica bíblica |
|
| 773 | 0 |
_068780 _981930 _oR2460 _tLeadership : _w(CO-MdFUSB) 768714001 _gVolumen 18, número 4 (Fall 1997), páginas 20 - 27 ; _qpágina 20 |
|
| 942 | _cANA | ||
| 945 | _aJTF-925 | ||
| 999 |
_c68781 _d68781 |
||